[Event "XXIII Miedzynarodowy Festiwal Szachowy "]
[Site "Krakow, Hotel Galaxy  ul. Ges"]
[Date "2012.12.31"]
[Round "6.10"]
[White "Puczylowski, Marcin"]
[Black "Sleczka, Bartosz"]
[Result "1/2-1/2"]
[WhiteElo "1991"]
[BlackElo "1920"]
[PlyCount "105"]
[EventDate "2012.??.??"]

1. c4 Nf6 2. Nc3 g6 3. g3 Bg7 4. Bg2 O-O 5. d3 d6 6. e4 c5 7. Be3 Nc6 8. Nge2
Ng4 9. Bc1 a6 10. h3 Nf6 11. O-O Rb8 12. a4 Bd7 13. f4 e6 14. g4 Ne8 15. f5 Nc7
16. Bf4 Ne5 17. Qd2 b5 18. Bh6 Ne8 19. Bxg7 Kxg7 20. cxb5 axb5 21. a5 Ra8 22.
a6 Qb6 23. fxe6 Bxe6 24. d4 Nc4 25. dxc5 dxc5 26. Nd5 Bxd5 27. Qxd5 Rxa6 28.
Rxa6 Qxa6 29. Qxc5 Qb6 30. Qxb6 Nxb6 31. Nd4 Nc4 32. b3 Ne3 33. Rc1 Nxg2 34.
Kxg2 Nf6 35. e5 Nd5 36. Rc5 Nf4+ 37. Kg3 Nd3 38. Rxb5 Rd8 39. Nc6 Rc8 40. Rb6
Re8 41. Rb5 Rc8 42. Nd4 Re8 43. Nf3 Rc8 44. Rb7 Re8 45. b4 Nxe5 46. Nxe5 Rxe5
47. Kf4 Re1 48. b5 Rh1 49. Kg3 Rb1 50. b6 Rb3+ 51. Kg2 Rb2+ 52. Kf3 Rb3+ 53.
Kg2 1/2-1/2

[Event "XXIII Miedzynarodowy Festiwal Szachowy "]
[Site "Krakow, Hotel Galaxy  ul. Ges"]
[Date "2012.12.31"]
[Round "6.11"]
[White "Klimentov, Evgeny"]
[Black "Rzeznik, Lukasz"]
[Result "1-0"]
[WhiteElo "1896"]
[BlackElo "1989"]
[PlyCount "47"]
[EventDate "2012.??.??"]

1. e4 c5 2. Nc3 e6 3. d3 Nc6 4. f4 d6 5. Nf3 g6 6. Be2 Bg7 7. O-O Rb8 8. a4 a6
9. Be3 Nd4 10. e5 Ne7 11. Ne4 Nef5 12. Bd2 Nxf3+ 13. Bxf3 dxe5 14. g4 Qd4+ 15.
Rf2 Ne3 16. Qe2 Nxg4 17. Bxg4 f5 18. Bc3 Qd7 19. Nd2 fxg4 20. fxe5 b6 21. Ne4
Bb7 22. Raf1 h5 23. Rf7 Qxf7 24. Nd6+ 1-0

[Event "XXIII Miedzynarodowy Festiwal Szachowy "]
[Site "Krakow, Hotel Galaxy  ul. Ges"]
[Date "2012.12.31"]
[Round "6.12"]
[White "Mintenko, Heorhiy"]
[Black "Kyc, Jerzy"]
[Result "0-1"]
[WhiteElo "2088"]
[BlackElo "1782"]
[PlyCount "160"]
[EventDate "2012.??.??"]

1. Nf3 Nf6 2. c4 g6 3. Nc3 c5 4. g3 Bg7 5. Bg2 O-O 6. O-O Nc6 7. d4 cxd4 8.
Nxd4 a6 9. Rb1 Qc7 10. b3 d6 11. Nc2 Be6 12. Ne3 Rac8 13. Bb2 Ne5 14. h3 Rfd8
15. Kh2 Kf8 16. Qd2 Bd7 17. Ncd5 Nxd5 18. Nxd5 Qb8 19. Nb6 Rc7 20. f4 Nc6 21.
e4 Qa7 22. Nd5 Rcc8 23. Rbd1 b5 24. f5 Bxb2 25. Qxb2 Ne5 26. f6 exf6 27. Nxf6
Be6 28. Nxh7+ Kg7 29. Ng5 bxc4 30. bxc4 Qc5 31. Nxe6+ fxe6 32. Qb7+ Rd7 33.
Qxa6 Rc6 34. Qa8 Rc8 35. Qa6 Rc6 36. Qa4 Qxc4 37. Qxc4 Rxc4 38. Rd2 Ra4 39.
Rff2 Nf7 40. h4 Rc7 41. Rde2 Rc5 42. Rb2 Ra7 43. Rfc2 Rxc2 44. Rxc2 Kf6 45. Rb2
Ne5 46. Rf2+ Ke7 47. Rc2 Ra4 48. Kh3 Kf6 49. Rd2 Ke7 50. Rb2 Kf6 51. Rf2+ Ke7
52. Rd2 Kf6 53. Kh2 Ng4+ 54. Kh3 Ne5 55. Rb2 Ke7 56. g4 Ra3+ 57. Rb3 Rxa2 58.
Rb7+ Kf8 59. Kg3 Re2 60. h5 g5 61. h6 Re3+ 62. Kf2 Nxg4+ 63. Kf1 Nxh6 64. Rd7
Nf7 65. Kf2 Rd3 66. Bf1 Rf3+ 67. Ke2 Rf4 68. Bg2 Kg7 69. Ke3 Kf6 70. Bh3 Ne5
71. Rh7 Rh4 72. Rxh4 gxh4 73. Kf4 Ng6+ 74. Kg4 Ke5 75. Bg2 Nf4 76. Bf3 Nd3 77.
Bg2 h3 78. Bf3 Nf2+ 79. Kg3 Nxe4+ 80. Kxh3 Ng5+ 0-1

[Event "XXIII Miedzynarodowy Festiwal Szachowy "]
[Site "Krakow, Hotel Galaxy  ul. Ges"]
[Date "2012.12.31"]
[Round "6.13"]
[White "Markiewicz, Mateusz"]
[Black "Dadello, Aleksandra"]
[Result "0-1"]
[WhiteElo "2069"]
[BlackElo "1883"]
[PlyCount "58"]
[EventDate "2012.??.??"]

1. e4 e6 2. d4 d5 3. Nd2 c5 4. Ngf3 Nf6 5. e5 Nfd7 6. c3 Nc6 7. Be2 Be7 8. O-O
a6 9. Nb3 b5 10. Be3 Qc7 11. Nxc5 Nxc5 12. dxc5 Nxe5 13. Nxe5 Qxe5 14. Bd4 Qc7
15. b4 O-O 16. a4 Bd7 17. axb5 Bxb5 18. Bxb5 axb5 19. Qg4 e5 20. Be3 f5 21. Qf3
Qd7 22. g3 g5 23. Rxa8 Rxa8 24. Rd1 f4 25. Rxd5 Ra1+ 26. Kg2 Qe6 27. Qe4 fxe3
28. Rxe5 exf2 29. Rxg5+ Kh8 0-1

[Event "XXIII Miedzynarodowy Festiwal Szachowy "]
[Site "Krakow, Hotel Galaxy  ul. Ges"]
[Date "2012.12.31"]
[Round "6.14"]
[White "Valkovoj, Alexandr"]
[Black "Grochulski, Grzegorz"]
[Result "1-0"]
[WhiteElo "1855"]
[BlackElo "2067"]
[PlyCount "103"]
[EventDate "2012.??.??"]

1. d4 d6 2. Nf3 Nf6 3. Bf4 c6 4. c3 Bf5 5. Nbd2 h6 6. h3 Nbd7 7. e3 Qc7 8. Bh2
b5 9. a4 Rb8 10. axb5 cxb5 11. Qb3 b4 12. Bc4 e6 13. cxb4 Be7 14. O-O O-O 15.
Ra6 Nb6 16. Be2 Ne4 17. Rfa1 Rb7 18. Nc4 Nxc4 19. Bxc4 Rc8 20. Bf1 g5 21. Qa4
Bf6 22. Bd3 Be7 23. g4 Nxf2 24. Bxf5 Nxh3+ 25. Kg2 exf5 26. Kxh3 fxg4+ 27. Kxg4
Qc4 28. Qa2 Qe2 29. Rg1 h5+ 30. Kg3 h4+ 31. Kg4 Kg7 32. Ra5 Rb5 33. Rxb5 Qxb5
34. Qb1 Kf6 35. Be5+ dxe5 36. Qf5+ Kg7 37. Qxc8 e4 38. Nxh4 gxh4 39. Kf4+ Kf6
40. Qh8+ Ke6 41. Qe5+ Qxe5+ 42. dxe5 Bxb4 43. Kxe4 a5 44. Rc1 Bd2 45. Rh1 a4
46. Ra1 h3 47. Rxa4 f5+ 48. exf6 h2 49. Ra1 Bb4 50. Rf1 Kf7 51. Kf5 Bc5 52. Rh1
1-0

[Event "XXIII Miedzynarodowy Festiwal Szachowy "]
[Site "Krakow, Hotel Galaxy  ul. Ges"]
[Date "2012.12.31"]
[Round "6.15"]
[White "Parol, Pola"]
[Black "Horoschavina, Oksana"]
[Result "0-1"]
[WhiteElo "1549"]
[BlackElo "2063"]
[PlyCount "86"]
[EventDate "2012.??.??"]

1. e4 c5 2. Nf3 Nc6 3. d4 cxd4 4. Nxd4 Nf6 5. Nc3 e5 6. Ndb5 d6 7. Nd5 Nxd5 8.
exd5 Nb8 9. c4 Nd7 10. Be3 b6 11. a4 a6 12. Nc3 Be7 13. Bd3 O-O 14. Qc2 h6 15.
b4 Bg5 16. O-O Bxe3 17. fxe3 a5 18. bxa5 Rxa5 19. Bf5 Nc5 20. Bxc8 Qxc8 21. Nb5
Qd7 22. Ra3 Rfa8 23. Rfa1 e4 24. Nc3 Qe7 25. Rb1 Rb8 26. Rf1 Qe5 27. Qf2 Rb7
28. Qf4 Qe7 29. Nb5 Rd7 30. Rfa1 Nd3 31. Qg3 Nb2 32. Nd4 Nxc4 33. Nc6 Qf6 34.
Nxa5 Nxa3 35. Rxa3 bxa5 36. Qe1 Rb7 37. h3 Qe5 38. Qd1 Rb2 39. Qd4 Rb1+ 40. Kf2
Qf5+ 41. Kg3 Rb4 42. Qd1 Qe5+ 43. Kf2 Qb2+ 0-1

[Event "XXIII Miedzynarodowy Festiwal Szachowy "]
[Site "Krakow, Hotel Galaxy  ul. Ges"]
[Date "2012.12.31"]
[Round "6.17"]
[White "Staroszczyk, Mateusz"]
[Black "Wasik, Jozef"]
[Result "1-0"]
[WhiteElo "2026"]
[BlackElo "1844"]
[PlyCount "43"]
[EventDate "2012.??.??"]

1. c4 c6 2. Nf3 d5 3. e3 g6 4. d4 Bg7 5. Nbd2 Nf6 6. Bd3 O-O 7. Qc2 Nbd7 8. b3
e5 9. dxe5 Ng4 10. Bb2 Ngxe5 11. O-O Nxd3 12. Bxg7 Kxg7 13. Qxd3 Nf6 14. Qc3
Kg8 15. Rfd1 Qe7 16. cxd5 Nxd5 17. Qd4 Be6 18. h3 Nb4 19. Qc3 Rfd8 20. Ne4 Nd5
21. Rxd5 Bxd5 22. Nf6+ 1-0

[Event "XXIII Miedzynarodowy Festiwal Szachowy "]
[Site "Krakow, Hotel Galaxy  ul. Ges"]
[Date "2012.12.31"]
[Round "6.18"]
[White "Bandyk, Sebastian"]
[Black "Puuska, Heini"]
[Result "0-1"]
[WhiteElo "1454"]
[BlackElo "1984"]
[PlyCount "70"]
[EventDate "2012.??.??"]

1. e4 g6 2. d4 Bg7 3. Nc3 d6 4. f4 a6 5. Nf3 b5 6. Bd3 Nd7 7. e5 c5 8. Be4 Rb8
9. O-O f5 10. Bd5 Nb6 11. dxc5 Nxd5 12. Qxd5 Bb7 13. c6 Qb6+ 14. Nd4 dxe5 15.
Qd7+ Kf8 16. c7 Re8 17. fxe5 Bc8 18. Qd5 e6 19. Qd6+ Qxd6 20. exd6 Bxd4+ 21.
Kh1 Bxc3 22. bxc3 Nf6 23. Bh6+ Kf7 24. Rad1 Bd7 25. c4 bxc4 26. Rd4 e5 27. Rdd1
Re6 28. Bg5 h6 29. Bxf6 Kxf6 30. Rd2 e4 31. Re1 e3 32. Rdd1 f4 33. Kg1 Ke5 34.
g3 g5 35. gxf4+ gxf4 0-1

[Event "XXIII Miedzynarodowy Festiwal Szachowy "]
[Site "Krakow, Hotel Galaxy  ul. Ges"]
[Date "2012.12.31"]
[Round "6.20"]
[White "Gluszko, Monika"]
[Black "Gora, Antonina"]
[Result "1/2-1/2"]
[WhiteElo "1951"]
[BlackElo "1842"]
[PlyCount "36"]
[EventDate "2012.??.??"]

1. e4 c5 2. Nf3 d6 3. d4 cxd4 4. Nxd4 Nf6 5. Nc3 a6 6. g3 e5 7. Nde2 Be6 8. a4
b6 9. Bg2 Be7 10. O-O Nbd7 11. f4 Qc7 12. Nd5 Bxd5 13. exd5 exf4 14. Bxf4 O-O
15. Nd4 Qc5 16. Kh1 Ne5 17. Nf5 Bd8 18. Be4 Qc7 1/2-1/2

[Event "XXIII Miedzynarodowy Festiwal Szachowy "]
[Site "Krakow, Hotel Galaxy  ul. Ges"]
[Date "2012.12.31"]
[Round "6.21"]
[White "Jajte-pachota, Jerzy"]
[Black "Zaboklicki, Zbigniew"]
[Result "0-1"]
[WhiteElo "1923"]
[BlackElo "1835"]
[PlyCount "62"]
[EventDate "2012.??.??"]

1. e4 c5 2. Bc4 e6 3. Nc3 Nc6 4. d3 Na5 5. Bb3 a6 6. Nge2 b5 7. O-O Bb7 8. Ng3
h5 9. f4 h4 10. Nh1 c4 11. dxc4 Bc5+ 12. Nf2 Nf6 13. cxb5 axb5 14. Qe2 Nxb3 15.
cxb3 b4 16. Na4 Ba6 17. Qc2 Ba7 18. h3 Bxf1 19. Kxf1 Nh5 20. Bd2 Ng3+ 21. Ke1
Rc8 22. Qd3 Qa5 23. Nd1 Bc5 24. a3 Be7 25. Ne3 Rc6 26. Nc4 Qa7 27. Be3 Qa6 28.
Rd1 O-O 29. Qxd7 Rxc4 30. bxc4 Qxc4 31. Qd3 Qc6 0-1

[Event "XXIII Miedzynarodowy Festiwal Szachowy "]
[Site "Krakow, Hotel Galaxy  ul. Ges"]
[Date "2012.12.31"]
[Round "6.22"]
[White "Kuspak, Aleksander"]
[Black "Matysiak, Samuel"]
[Result "1/2-1/2"]
[WhiteElo "1918"]
[BlackElo "1811"]
[PlyCount "119"]
[EventDate "2012.??.??"]

1. e4 c5 2. Nf3 e6 3. d4 cxd4 4. Nxd4 a6 5. c4 Bc5 6. Nb3 Ba7 7. Nc3 Nc6 8. Be2
Nge7 9. O-O O-O 10. Kh1 f5 11. Bg5 h6 12. Bxe7 Qxe7 13. f4 Bb8 14. Qd2 fxe4 15.
Nxe4 d5 16. Nc3 Rd8 17. cxd5 exd5 18. Rae1 Qf7 19. Bd3 Bf5 20. Nc5 Bxd3 21.
Nxd3 Bc7 22. a3 Re8 23. Qf2 Qf5 24. Rd1 d4 25. Ne2 Bb6 26. Ng3 Qb5 27. f5 Re3
28. f6 Rf8 29. f7+ Kh8 30. Nf4 Qg5 31. Qc2 d3 32. Rxd3 Rxf7 33. Rxe3 Bxe3 34.
Nfe2 Rxf1+ 35. Nxf1 Bb6 36. h3 Bc7 37. Nd2 Qe3 38. Nf3 Qf2 39. Qe4 Qf1+ 40.
Neg1 Qb5 41. b4 Ne5 42. Qf5 Qd7 43. Qc2 Nd3 44. g4 Nf4 45. Qe4 Qd5 46. Qe3 Kg8
47. Qe8+ Kh7 48. Qe3 Bd6 49. h4 Ng6 50. h5 Ne5 51. Qf4 Nc4 52. Qc1 Qe4 53. g5
hxg5 54. Qxg5 Nxa3 55. Qg2 Qf5 56. Ng5+ Kh6 57. N1f3 Nc4 58. Qe2 Ne5 59. Nxe5
Kxg5 60. Qd2+ 1/2-1/2

[Event "XXIII Miedzynarodowy Festiwal Szachowy "]
[Site "Krakow, Hotel Galaxy  ul. Ges"]
[Date "2012.12.31"]
[Round "6.23"]
[White "Pastuszko, Kinga"]
[Black "Sliwicka, Alicja"]
[Result "1-0"]
[WhiteElo "1916"]
[BlackElo "1772"]
[PlyCount "101"]
[EventDate "2012.??.??"]

1. e4 c5 2. Nf3 Nc6 3. d4 cxd4 4. Nxd4 Nf6 5. Nc3 d6 6. Bg5 e6 7. Qd3 a6 8.
O-O-O Bd7 9. f4 h6 10. Bxf6 Qxf6 11. Qe3 Be7 12. Be2 O-O 13. g4 b5 14. h4 Nxd4
15. Rxd4 g6 16. g5 Qg7 17. Rdd1 b4 18. Nb1 h5 19. Bc4 Rfc8 20. Nd2 Bf8 21. Rhf1
a5 22. f5 exf5 23. exf5 Bxf5 24. Rxf5 gxf5 25. g6 Rxc4 26. Nxc4 fxg6 27. Rg1
Qh6 28. Rg5 Kf7 29. Nxd6+ Bxd6 30. Rxf5+ Kg7 31. Rf7+ Kxf7 32. Qxh6 Re8 33. Qg5
Re5 34. Qf4+ Ke6 35. Qc4+ Kf6 36. Qc6 Ke6 37. Qc4+ Kf6 38. Qc6 Ke6 39. Qc8+ Ke7
40. Qb7+ Kf6 41. Kd2 Rf5 42. Qc6 Ke6 43. Ke3 Ke7 44. Qb7+ Kf6 45. Qc6 Ke6 46.
c3 bxc3 47. Qc4+ Ke7 48. Qxc3 Bc5+ 49. Ke4 Ke6 50. Qxa5 Bd6 51. Qd2 1-0

[Event "XXIII Miedzynarodowy Festiwal Szachowy "]
[Site "Krakow, Hotel Galaxy  ul. Ges"]
[Date "2012.12.31"]
[Round "6.24"]
[White "Kowalski, Piotr"]
[Black "Drop, Szymon"]
[Result "1-0"]
[WhiteElo "2096"]
[BlackElo "1803"]
[PlyCount "97"]
[EventDate "2012.??.??"]

1. e4 e5 2. Nf3 Nc6 3. Bb5 a6 4. Ba4 Nf6 5. O-O b5 6. Bb3 Bc5 7. c3 d6 8. d4
Bb6 9. Re1 O-O 10. Bg5 h6 11. Bh4 g5 12. Nxg5 hxg5 13. Bxg5 exd4 14. Qf3 Kg7
15. Bd5 Bb7 16. Nd2 Rb8 17. e5 Nxe5 18. Rxe5 dxe5 19. Ne4 Nxd5 20. Qg3 Qxg5 21.
Qxg5+ Kh7 22. Qf5+ Kg7 23. Qxe5+ f6 24. Qg3+ Kf7 25. Qh3 Rh8 26. Qd7+ Ne7 27.
Re1 Bxe4 28. Rxe4 Rhe8 29. h4 Rbd8 30. Qe6+ Kg7 31. Rg4+ Ng6 32. Qf5 Re1+ 33.
Kh2 Kf7 34. Rxg6 Re6 35. Rh6 Ke7 36. Qf4 Kd7 37. cxd4 Rd6 38. d5 Kc8 39. Rh7
Rxd5 40. Qxf6 R5d6 41. Qg7 Kb7 42. f4 Rd5 43. Qe7 R8d6 44. f5 Rd1 45. f6 Bg1+
46. Kh3 R1d3+ 47. g3 Bb6 48. f7 Rg6 49. Qe4+ 1-0

[Event "XXIII Miedzynarodowy Festiwal Szachowy "]
[Site "Krakow, Hotel Galaxy  ul. Ges"]
[Date "2012.12.31"]
[Round "6.25"]
[White "Mika, Andrzej"]
[Black "Kudas, Damian"]
[Result "0-1"]
[WhiteElo "1811"]
[BlackElo "2083"]
[PlyCount "64"]
[EventDate "2012.??.??"]

1. e4 c5 2. Nf3 d6 3. c3 Nf6 4. Be2 Nc6 5. d4 cxd4 6. cxd4 Bg4 7. Nc3 e6 8. O-O
d5 9. e5 Nd7 10. Be3 Be7 11. h3 Bh5 12. Nh2 Bg6 13. f4 Rc8 14. g4 f5 15. exf6
Nxf6 16. f5 exf5 17. gxf5 Bf7 18. Ng4 Bd6 19. Bg5 Nxd4 20. Nb5 Nxb5 21. Nxf6+
gxf6 22. Bxb5+ Rc6 23. Bxc6+ bxc6 24. Re1+ Kd7 25. Bh4 Rg8+ 26. Kh1 d4 27. Qxd4
Bd5+ 28. Re4 Qb6 29. Rd1 Re8 30. Qxd5 cxd5 31. Rxe8 Kxe8 32. Bxf6 Qf2 0-1

[Event "XXIII Miedzynarodowy Festiwal Szachowy "]
[Site "Krakow, Hotel Galaxy  ul. Ges"]
[Date "2012.12.31"]
[Round "6.26"]
[White "Ziolkowski, Boleslaw"]
[Black "Jablonska, Sabina"]
[Result "0-1"]
[WhiteElo "1749"]
[BlackElo "1973"]
[PlyCount "78"]
[EventDate "2012.??.??"]

1. e4 d5 2. exd5 Qxd5 3. Nc3 Qd6 4. d4 Nf6 5. Bc4 a6 6. Bb3 e6 7. Nf3 Nbd7 8.
Qe2 Be7 9. Bg5 b5 10. Bh4 Bb7 11. Bg3 Qb6 12. O-O c5 13. dxc5 Nxc5 14. Qe3 Qc6
15. Ne2 Nxb3 16. Qxb3 O-O 17. Rad1 Rac8 18. c3 Ne4 19. Be5 Rfd8 20. Ned4 Qb6
21. Nd2 Nc5 22. Qc2 f6 23. Bg3 e5 24. Nf5 Bf8 25. Ne3 Rd7 26. Qf5 Rcd8 27. Nb3
Be4 28. Qg4 f5 29. Qh4 Bd3 30. Bxe5 Bxf1 31. Rxd7 Rxd7 32. Kxf1 Nxb3 33. axb3
Qe6 34. Bd4 Qxb3 35. g3 Qxb2 36. Kg2 Qb1 37. Qf4 Qe4+ 38. Qxe4 fxe4 39. Nf5 h5
0-1

[Event "XXIII Miedzynarodowy Festiwal Szachowy "]
[Site "Krakow, Hotel Galaxy  ul. Ges"]
[Date "2012.12.31"]
[Round "6.27"]
[White "Sajtyna, Krzysztof"]
[Black "Marczuk, Anna"]
[Result "0-1"]
[WhiteElo "1917"]
[BlackElo "1674"]
[PlyCount "62"]
[EventDate "2012.??.??"]

1. c4 f5 2. Nc3 Nf6 3. b3 g6 4. Bb2 Bg7 5. Nd5 O-O 6. Nxf6+ Bxf6 7. Bxf6 Rxf6
8. e3 e5 9. h4 h6 10. d4 e4 11. Nh3 Nc6 12. Nf4 d6 13. Be2 Ne7 14. g4 fxg4 15.
Bxg4 Bxg4 16. Qxg4 c6 17. b4 a5 18. Rg1 axb4 19. Nh5 Rf5 20. Ng3 Rf7 21. Qxe4
b3 22. a3 Qa5+ 23. Ke2 b2 24. Ra2 Qc3 25. Qb1 Qxc4+ 26. Ke1 Qc3+ 27. Ke2 Rxa3
28. Rxb2 Qc4+ 29. Ke1 Qa4 30. Ke2 Qa6+ 31. Kd2 Rxf2+ 0-1

[Event "XXIII Miedzynarodowy Festiwal Szachowy "]
[Site "Krakow, Hotel Galaxy  ul. Ges"]
[Date "2012.12.31"]
[Round "6.28"]
[White "Klementys, Jerzy"]
[Black "Svanholm, Borge Waaktaar"]
[Result "0-1"]
[WhiteElo "1798"]
[BlackElo "1906"]
[PlyCount "118"]
[EventDate "2012.??.??"]

1. d4 Nf6 2. c4 g6 3. Nc3 Bg7 4. g3 O-O 5. Bg2 d6 6. Nf3 Nc6 7. d5 Na5 8. Qd3
c5 9. O-O a6 10. e4 Rb8 11. Re1 e6 12. Bf4 e5 13. Bg5 Bd7 14. b3 b5 15. Nd2
bxc4 16. bxc4 h6 17. Be3 Qc7 18. h3 Rb4 19. g4 Rfb8 20. g5 hxg5 21. Bxg5 Nh5
22. Bf3 Nf4 23. Bxf4 exf4 24. Bg4 Bxg4 25. hxg4 Qe7 26. Rac1 Be5 27. a3 Rb2 28.
Nf3 Kg7 29. Nxe5 Qxe5 30. Ne2 R8b3 31. Rc3 Rxe2 32. Rxe2 Rxc3 33. Qb1 Rb3 34.
Qc1 Qc3 35. Qxf4 Nxc4 36. g5 Qe5 37. Qh4 Kf8 38. f4 Qd4+ 39. Kh2 Rb2 40. Rxb2
Qxb2+ 41. Kh1 Qc1+ 42. Kh2 Qd2+ 43. Kh1 Qd1+ 44. Kh2 Qh5 45. Qxh5 gxh5 46. Kg3
Nxa3 47. e5 Nb5 48. Kh4 c4 49. Kxh5 c3 50. e6 Nd4 51. exf7 c2 52. g6 c1=Q 53.
Kg5 Qg1+ 54. Kh5 Qh2+ 55. Kg5 Qg3+ 56. Kh5 Qf3+ 57. Kg5 Kg7 58. Kh4 Qxf4+ 59.
Kh5 Qh6+ 0-1

[Event "XXIII Miedzynarodowy Festiwal Szachowy "]
[Site "Krakow, Hotel Galaxy  ul. Ges"]
[Date "2012.12.31"]
[Round "6.30"]
[White "Leczek, Weronika"]
[Black "Jopek, Krzysztof"]
[Result "0-1"]
[WhiteElo "1549"]
[BlackElo "1868"]
[PlyCount "81"]
[EventDate "2012.??.??"]

1. e4 e6 2. d4 d5 3. e5 c5 4. c3 Qb6 5. Nf3 Nc6 6. Be2 cxd4 7. cxd4 Nh6 8. Qb3
Qxb3 9. axb3 Nf5 10. Be3 Bb4+ 11. Nc3 Bd7 12. O-O O-O 13. Bd3 Nfe7 14. Nb5 a6
15. Nd6 Bxd6 16. exd6 Nc8 17. Ne5 Rd8 18. Nxd7 Rxd7 19. Bb5 N8a7 20. Be2 Rxd6
21. Ra4 Nc8 22. Rc1 Nb6 23. Ra3 Rdd8 24. b4 Na7 25. Bf4 Rdc8 26. Rac3 Nc6 27.
Rd1 Na4 28. Rb3 b5 29. Bd6 Nb6 30. Bc5 Nd7 31. Bd6 Nd8 32. Rc3 Rc6 33. Bc5 Rac8
34. Rdc1 Nxc5 35. Rxc5 Rxc5 36. Rxc5 Rxc5 37. bxc5 Nc6 38. Kf1 Nxd4 39. Ke1 Kf8
40. Kd1 Ke7 41. Bd3 0-1

[Event "XXIII Miedzynarodowy Festiwal Szachowy "]
[Site "Krakow, Hotel Galaxy  ul. Ges"]
[Date "2012.12.31"]
[Round "6.32"]
[White "Ociepka, Tomasz"]
[Black "Tavakalov, Stanislav"]
[Result "0-1"]
[WhiteElo "1852"]
[BlackElo "1772"]
[PlyCount "153"]
[EventDate "2012.??.??"]

1. e4 e6 2. d4 d5 3. Nd2 Be7 4. c3 c5 5. exd5 Qxd5 6. Ngf3 Nc6 7. Bc4 Qd8 8.
Nb3 cxd4 9. Nbxd4 Nf6 10. Nxc6 Qxd1+ 11. Kxd1 bxc6 12. Ne5 Bb7 13. Ke2 O-O 14.
Rd1 Nd5 15. a4 a5 16. g3 Rfd8 17. Bd3 Rac8 18. Nc4 Ra8 19. Ne5 Bf6 20. f4 c5
21. Bd2 Be7 22. Be1 g5 23. Bd2 f6 24. Nc4 g4 25. Be1 Nc7 26. Kf1 Ba6 27. Be2
Nd5 28. Bf2 h5 29. Ke1 Bb7 30. Rd2 Bc6 31. Kd1 Rdb8 32. Kc2 Nb6 33. b3 Bd5 34.
Nxb6 Rxb6 35. c4 Bc6 36. Bd1 Be4+ 37. Kc1 Kf8 38. Rd7 Rbb8 39. Ra2 Ke8 40. Rad2
Rd8 41. Rxd8+ Rxd8 42. Rxd8+ Kxd8 43. Be1 Kd7 44. Bxa5 e5 45. fxe5 fxe5 46. Bc2
Bf3 47. Bd2 e4 48. Bf4 Bf6 49. Kd2 Bd4 50. Be3 Kc6 51. Bxd4 cxd4 52. b4 e3+ 53.
Ke1 Kd6 54. a5 Kc6 55. Bd3 Kc7 56. c5 Kb8 57. b5 Kb7 58. a6+ Kb8 59. Bf5 Be4
60. c6 Bf3 61. Bd3 Bd5 62. Bg6 Bf3 63. Bf5 Bd5 64. Ke2 Bc4+ 65. Bd3 Bd5 66. Kd1
Bf3+ 67. Kc2 Bd5 68. Bf5 Bc4 69. a7+ Kxa7 70. c7 d3+ 71. Bxd3 Be6 72. Kd1 Kb7
73. Ke2 Kxc7 74. Kxe3 Kb6 75. Kf4 Bf7 76. Kg5 Be8 77. Bg6 0-1

[Event "XXIII Miedzynarodowy Festiwal Szachowy "]
[Site "Krakow, Hotel Galaxy  ul. Ges"]
[Date "2012.12.31"]
[Round "6.33"]
[White "Lada, Ireneusz"]
[Black "Kolodziej, Krzysztof"]
[Result "1-0"]
[WhiteElo "2003"]
[BlackElo "1657"]
[PlyCount "69"]
[EventDate "2012.??.??"]

1. c4 Nf6 2. Nc3 g6 3. Nf3 d6 4. g3 Bg7 5. Bg2 c5 6. d4 cxd4 7. Nxd4 Nc6 8. Nc2
O-O 9. O-O Bd7 10. b3 Qc8 11. Bb2 Bh3 12. Nd5 Bxg2 13. Kxg2 Nxd5 14. Bxg7 Nf4+
15. Kh1 Kxg7 16. gxf4 Qg4 17. e3 Qxd1 18. Raxd1 f5 19. Rd5 b6 20. Kg2 Rac8 21.
Kf3 Rf6 22. h4 h5 23. Rg1 Kf7 24. Ke2 Rd8 25. Ne1 Nb4 26. Rd2 d5 27. Nf3 Rfd6
28. Ne5+ Kg7 29. a3 Nc6 30. Rxd5 Rxd5 31. Rxg6+ Kh7 32. cxd5 Na5 33. Rg5 Rxd5
34. Rxh5+ Kg7 35. Rxf5 1-0

[Event "XXIII Miedzynarodowy Festiwal Szachowy "]
[Site "Krakow, Hotel Galaxy  ul. Ges"]
[Date "2012.12.31"]
[Round "6.34"]
[White "Tracz, Marcelina"]
[Black "Mirski, Michal"]
[Result "1-0"]
[WhiteElo "1705"]
[BlackElo "1918"]
[PlyCount "92"]
[EventDate "2012.??.??"]

1. e4 c5 2. Nf3 e6 3. d4 cxd4 4. Nxd4 Nf6 5. Nc3 Bb4 6. Bd3 Nc6 7. Nb3 d5 8.
exd5 Nxd5 9. Bd2 Nxc3 10. bxc3 Be7 11. O-O Bf6 12. Be4 O-O 13. f4 Qc7 14. Qf3
Rd8 15. Rf2 Ne7 16. Re1 Rb8 17. Rfe2 Bd7 18. g4 Ng6 19. f5 exf5 20. gxf5 Nh4
21. Qf2 Bb5 22. Bf4 Be5 23. Bxe5 Qxe5 24. Bd3 Qxc3 25. Qxh4 Bc6 26. f6 g6 27.
Rf1 Rd6 28. Qc4 Qxc4 29. Bxc4 Re8 30. Rxe8+ Bxe8 31. Kg2 b5 32. Bd3 Bc6+ 33.
Kg3 Kf8 34. Nc5 Rd5 35. Ne4 Re5 36. Nc3 b4 37. Ne2 Rg5+ 38. Kf4 Ra5 39. Rd1 g5+
40. Kg3 Rxa2 41. Be4 Be8 42. Rd8 Ra6 43. Nd4 Rxf6 44. Bc6 Kg7 45. Rxe8 Rf4 46.
Re4 Rf1 1-0

[Event "XXIII Miedzynarodowy Festiwal Szachowy "]
[Site "Krakow, Hotel Galaxy  ul. Ges"]
[Date "2012.12.31"]
[Round "6.35"]
[White "Jasiak, Filip"]
[Black "Snihur, Adam"]
[Result "0-1"]
[WhiteElo "1906"]
[BlackElo "1645"]
[PlyCount "58"]
[EventDate "2012.??.??"]

1. Nf3 d5 2. d4 e6 3. c4 Nf6 4. Nc3 c6 5. e3 Nbd7 6. Bd3 dxc4 7. Bxc4 b5 8. Bd3
a6 9. O-O Bb7 10. b3 Be7 11. Bb2 O-O 12. Ne2 c5 13. Rc1 Rc8 14. Bb1 Ne4 15. Qd3
Ndf6 16. h3 Qb6 17. Ne5 c4 18. bxc4 bxc4 19. Qc2 c3 20. Nxc3 Bb4 21. Qd3 Nxc3
22. Bxc3 Be4 23. Nd7 Bxd3 24. Nxb6 Bxf1 25. Nxc8 Rxc8 26. Kxf1 Rxc3 27. Rd1 Ba3
28. Bd3 a5 29. Ke2 Nd5 0-1

[Event "XXIII Miedzynarodowy Festiwal Szachowy "]
[Site "Krakow, Hotel Galaxy  ul. Ges"]
[Date "2012.12.31"]
[Round "6.36"]
[White "Grabarczyk, Sylwester"]
[Black "Sadzikowski, Marian"]
[Result "0-1"]
[WhiteElo "1722"]
[BlackElo "1868"]
[PlyCount "92"]
[EventDate "2012.??.??"]

1. d4 b6 2. e4 Bb7 3. d5 Nf6 4. Bd3 c6 5. c4 cxd5 6. exd5 e6 7. Nf3 Bb4+ 8. Bd2
Bxd2+ 9. Qxd2 exd5 10. Nc3 O-O 11. cxd5 Re8+ 12. Kf1 d6 13. Ng5 Nbd7 14. h4 h6
15. Nge4 Nxe4 16. Bxe4 Rc8 17. Bf5 Re5 18. g4 Rc5 19. f4 Re8 20. g5 Qe7 21. Re1
Qxe1+ 22. Qxe1 Rxe1+ 23. Kxe1 Nf8 24. gxh6 Bxd5 25. Rg1 g6 26. Bd3 Kh7 27. Kd2
Bc6 28. f5 Kxh6 29. Rg5 gxf5 30. Rg8 Ng6 31. Rd8 Nxh4 32. Rxd6+ Kg5 33. b4 Nf3+
34. Kc2 Re5 35. Kb2 Be4 36. Bc4 f6 37. Rd7 f4 38. Rxa7 Nd2 39. Bb5 f3 40. Kc1
Rxb5 41. Kxd2 Rxb4 42. Ke3 f5 43. Rg7+ Kf6 44. Rc7 f4+ 45. Kf2 Rb2+ 46. Kf1
Bd3+ 0-1

[Event "XXIII Miedzynarodowy Festiwal Szachowy "]
[Site "Krakow, Hotel Galaxy  ul. Ges"]
[Date "2012.12.31"]
[Round "6.37"]
[White "Roneid, Heidi"]
[Black "Gregulski, Zbigniew"]
[Result "0-1"]
[WhiteElo "1674"]
[BlackElo "1841"]
[PlyCount "118"]
[EventDate "2012.??.??"]

1. e4 c6 2. Nc3 d5 3. Nf3 dxe4 4. Nxe4 Bg4 5. Bc4 e6 6. h3 Bh5 7. Ng3 Bg6 8.
Ne5 Nd7 9. Nxg6 hxg6 10. d4 Ne7 11. Qf3 Qb6 12. c3 Nf6 13. O-O Ned5 14. Re1 Bd6
15. Ne4 Nxe4 16. Qxe4 Qd8 17. Kf1 Kf8 18. Qf3 Qd7 19. Bd3 Kg8 20. a3 Bc7 21.
Bd2 Qd6 22. c4 Nf6 23. Bc3 Rh4 24. d5 Rf4 25. Qg3 Nh5 26. Qg5 Qc5 27. Re2 Bb6
28. Be1 Bd8 29. Qe5 Ng3+ 30. Kg1 Nxe2+ 31. Qxe2 cxd5 32. g3 Rxc4 33. Bxc4 Qxc4
34. Qf3 Bf6 35. Rb1 Qc2 36. Rd1 Qxb2 37. Rd2 Qb1 38. Rd1 Qc2 39. Rd2 Qc4 40.
Qd1 Rc8 41. Re2 Qc1 42. Qxc1 Rxc1 43. Kg2 Bc3 44. Bxc3 Rxc3 45. Rb2 b6 46. a4
Ra3 47. Rb4 Kf8 48. h4 Ke7 49. f3 e5 50. g4 Ke6 51. Kf2 f5 52. g5 f4 53. Kg2 e4
54. fxe4 dxe4 55. Rxe4+ Kf5 56. Re7 Rxa4 57. Rxg7 b5 58. Kf3 Ra3+ 59. Kf2 b4
0-1